| 000 -LEADER |
| fixed length control field |
00610cam a2200205 a 4500 |
| 040 ## - CATALOGING SOURCE |
| Transcribing agency |
DLC |
| 082 00 - DEWEY DECIMAL CLASSIFICATION NUMBER |
| Classification number |
630 AGR 1986 A049 Or. |
| -- |
630 AGR 1986 A049 Or. |
| 245 00 - TITLE STATEMENT |
| Title |
Research for tomorrow. |
| 260 ## - PUBLICATION, DISTRIBUTION, ETC. (IMPRINT) |
| Place of publication |
[Washington, D.C.? : |
| Name of publisher |
U.S. Dept. of Agriculture : |
| -- |
Supt. of Docs., U.S. G.P.O., distributor], |
| Year of publication |
1986. |
| 300 ## - PHYSICAL DESCRIPTION |
| Number of Pages |
vii, 336 p. : |
| Other physical details |
ill. ; |
| Dimensions |
23 cm. |
| 500 ## - GENERAL NOTE |
| General note |
Cover title. |
| 500 ## - GENERAL NOTE |
| General note |
Shipping list no.: 86-919-P. |
| 500 ## - GENERAL NOTE |
| General note |
Includes index. |
| 500 ## - GENERAL NOTE |
| General note |
S/N 001-000-04472-9 |
| 500 ## - GENERAL NOTE |
| General note |
Item 17 |
| 650 #0 - SUBJECT ADDED ENTRY--TOPICAL TERM |
| Topical Term |
Agriculture |
| 650 #0 - SUBJECT ADDED ENTRY--TOPICAL TERM |
| Topical Term |
Agriculture |
| 710 1# - ADDED ENTRY--CORPORATE NAME |
| Corporate name or jurisdiction name as entry element |
United States. |
| 942 ## - ADDED ENTRY ELEMENTS (KOHA) |
| Koha item type |
សៀវភៅភាសាអង់គ្លេស |
| 952 ## - LOCATION AND ITEM INFORMATION (KOHA) |
| Withdrawn status [LOCAL, KOHA] |
0 |